000 02074cam a22004694i 4500
003 PE-LiUPU
005 20250731173307.0
008 150625s r 000 0 d
020 _a0829700371
035 _a(Sirsi) i9780829700374
040 _aPE-LiUPU
_bspa
_cPE-LiUPU
_erda
049 _aPRUA
082 0 4 _a232.2
_bY21
_221
100 1 _aYancey, Philip,
_eautor.
245 1 3 _aEl Jesús que nunca conocí :
_bPhilip Yancey.
264 1 _aMaimi, Fl :
_b1996.
300 _a285 páginas ;
_c22 centímetros
336 _atext
_2rdacontent
337 _aunmediated
_2rdamedia
338 _avolume
_2rdacarrier
504 _aIncluye referencias bibliográficas al pie de algunas páginas.
505 0 _aQuién fue Él. -El Jesús que creía conocer. -El nacimiento: El planeta visitado. -El transfondo: Raíces y tierras judías. -La tentación: Confrontación en el decierto. -El retrato: ¿Que hubiera visto en Él?. -Por qué vino. -Las bienaventuranzas: Afortunados son los desafortunados.-El mensaje: Un sermón ofencivo. -LA misión la revolución de la gracia. -Los milagros: Instantáneas de lo sobrenatural. -La muerte la semana definitiva. -La resurrección una mañana increíble. -Lo que dejó tras de sí. -La ascención: Un firmamento azul vacío. -El reino: Trigo en medio de la cizaña. -Lo que Él cambia.
526 _aSEG42
526 _aSEG41
526 _aSEG40
526 _aSEG39
526 _aP94
526 _aP87
526 _aP86
526 _aP85
526 _aP77
526 _aP76
526 _aP35
541 _g001-0000057;
600 1 _aJesucristo
910 _a
942 _2ddc
_cBOOK
949 _a232.2 Y21
_wDEWEY
_c1
_i56010
_lCCODEBUL1
_mBUL
_p8.00
_r0
_sY
_tBOOK
_u2015-6-25
_xTEOLOGIA
_zUNKNOWN
_0COMPRA
_o.STAFF. Colección General
994 _aC0
_bPEPRU
596 _a1
999 _a232.2 Y21
_wDEWEY
_c44838
_i56010
_d44838
_f2021-11-10
_g5
_lCCODEBUL1
_mBUL
_p8.00
_q2
_r0
_sY
_tBOOK
_u2015-6-25
_xTEOLOGIA
_zUNKNOWN
_0COMPRA
_o.STAFF. Colección General
980 _81
_gALBERTO SANCHEZ Responsable de Automatización